|
|
|
|
| LEADER |
00000cam a2200000 7i4500 |
| 001 |
0000003089 |
| 005 |
20040519.0 |
| 020 |
0 |
0 |
|a 9678913127
|
| 090 |
0 |
0 |
|a 346.595045
|b MAL 2003
|
| 110 |
1 |
0 |
|a MALAYSIA
|
| 245 |
1 |
0 |
|a Akta Perancangan Bandar dan Desa 1976 (Akta 172) :
|b (hingga 20hb Mei 2003)
|c disusun oleh Lembaga Penyelidikan Undang-undang
|
| 260 |
0 |
0 |
|a Petaling Jaya, Selangor :
|b International Law Book Services ,
|c 2003
|
| 300 |
|
|
|a 98 p. ;
|c 23 cm.
|
| 440 |
0 |
0 |
|a Undang-undang Malaysia
|
| 650 |
0 |
0 |
|a City planning and redevelopment law
|z Malaysia
|
| 998 |
|
|
|a JPSM
|
| 999 |
|
|
|a 0000005175
|b Monograph
|c Acts
|e Default branch
|
| 999 |
|
|
|a 0000005516
|b Monograph
|c Open Shelf
|e Default branch
|